Magyar statisztikai zsebkönyv 1990
Salvato in:
| Natura: | Libro |
|---|---|
| Lingua: | ungherese |
| Pubblicazione: |
Budapest
Központi Statisztikai Hivatal
1991
|
| Soggetti: | |
| Tags: |
Nessun Tag, puoi essere il primo ad aggiungerne!!
|
MARC
| LEADER | 00000nam a2200000 4500 | ||
|---|---|---|---|
| 001 | c003062 | ||
| 005 | 20251217121925.1 | ||
| 041 | 0 | |a hun | |
| 044 | |a HU | ||
| 245 | 1 | 0 | |a Magyar statisztikai zsebkönyv 1990 |
| 264 | 1 | |a Budapest |b Központi Statisztikai Hivatal |c 1991 | |
| 300 | |a 247 s. | ||
| 610 | 2 | 0 | |a Maďarsko |